[Event "Wuerttemberg-ch Seniors 15th"]
[Site "Ellwangen"]
[Date "2003.04.14"]
[Round "4"]
[White "Koestner, Lorenz"]
[Black "Kleinwaechter, Matthias"]
[Result "0-1"]
[WhiteElo "1734"]
[BlackElo "1982"]
[PlyCount "54"]
[EventDate "2003.04.??"]
[EventType "swiss"]
[EventRounds "9"]
[EventCountry "GER"]
[SourceTitle "EXT 2006"]
[Source "ChessBase"]
[SourceDate "2005.11.24"]
[SourceVersion "1"]
[SourceVersionDate "2005.11.24"]
[SourceQuality "1"]

1. c4 e5 2. Nc3 Nc6 3. g3 f5 4. d3 Bc5 5. Bg2 Nf6 6. e3 0-0 7. Nge2 Kh8 8. 0-0 Be7 9. a3 a5 10. Bd2 d6 11. Rc1 Bd7 12. d4 Qe8 13. Nb5 Bd8 14. Re1 Qg6 15. Qc2 Qh5 16. Qd1 g5 17. f4 gxf4 18. exf4 Ng4 19. h3 Nf6 20. dxe5 dxe5 21. fxe5 Nxe5 22. Nf4 Qxd1 23. Rcxd1 Nxc4 24. Nd4 Nxd2 25. Rxd2 c6 26. Kh2 a4 27. Bf3 Ba5 0-1

[Event "Wuerttemberg-ch Seniors 15th"]
[Site "Ellwangen"]
[Date "2003.04.12"]
[Round "2"]
[White "Sielaff, Rudolf"]
[Black "Koestner, Lorenz"]
[Result "1/2-1/2"]
[WhiteElo "1952"]
[BlackElo "1734"]
[PlyCount "88"]
[EventDate "2003.04.??"]
[EventType "swiss"]
[EventRounds "9"]
[EventCountry "GER"]
[SourceTitle "EXT 2006"]
[Source "ChessBase"]
[SourceDate "2005.11.24"]
[SourceVersion "1"]
[SourceVersionDate "2005.11.24"]
[SourceQuality "1"]

1. d4 Nf6 2. Nf3 g6 3. Bf4 Bg7 4. e3 0-0 5. h3 d6 6. Be2 b6 7. 0-0 Bb7 8. c3 Nbd7 9. Bh2 Re8 10. a4 a6 11. Na3 d5 12. b4 Rc8 13. Qb3 e6 14. Nb1 Ne4 15. Rd1 Qe7 16. Nbd2 Ndf6 17. Be5 Nd6 18. a5 b5 19. Qc2 Bc6 20. Nb3 Nb7 21. Ne1 Nd7 22. Bxg7 Kxg7 23. f4 f5 24. Nf3 h6 25. Rf1 Rg8 26. Bd3 Kh8 27. Qf2 g5 28. Kh1 Nf6 29. Ne5 Be8 30. Nc5 Nxc5 31. bxc5 c6 32. Rg1 Rc7 33. g3 Qf8 34. fxg5 hxg5 35. g4 Ne4 36. Bxe4 fxe4 37. Qxf8 Rxf8 38. Rgf1 Rxf1+ 39. Rxf1 Kg7 40. Kg2 Rb7 41. Rb1 Re7 42. Kg3 Kg8 43. Rb2 Rh7 44. Rh2 Rh4 1/2-1/2